00495nam a2200145Ia 4500008004100000041000800041082001200049100001400061245004500075260003800120300003000158365001100188999001700199952013300216240624s9999 xx 000 0 und d aeng a950 DEV aDEV ARJUN aHISTORY OF THE WORLD FROM THE LATE NINET c2015aHyderabadbOrient BlackSwan aix, : 275 : p. : cm. ; 21 cRSb31 c27605d27605 00104070aIMTNbIMTNcRack 41-Bd2016-05-03eAPg295.00l2o950 DEVp27605r2025-10-17 00:00:00s2025-10-09t1w2024-06-24yBK